BIBLIOTHÈQUE DE LA MAISON DU MEXIQUE

Logo 1 Logo 2

Descubridores del pasado en Mesoamérica (notice nᵒ 11019)

détails MARC
000 -Sello discográfico
campo de control de longitud fija 00823nam a2200265 4500
005 - Identificación de versión
campo de control 20251208101949.0
010 ## - Número Estándar Internacional de Libros (ISBN)
Número (ISBN) 970-651-573-9
035 ## - Otros números de control del sistema
Número de control del sistema 10388
099 ## - fechas locales
Tipo de ítem Koha LIBRO
100 ## - Datos de procesamiento general
Datos de procesamiento general 20040305d2001 m y1spay5003 ba
101 ## - Idioma del recurso
Idioma del texto, banda sonora, etc. Español; Castellano
105 ## - Campo de datos codificados: Material textual, monográfico
Datos codificados de monografía a 001zy
200 1# - Título y mención de responsabilidad
Título propio Descubridores del pasado en Mesoamérica
Designación general del material texto impreso
210 ## - Publicación, distribución, etc.
Lugar de publicación, distribución, etc. México
Nombre del editor, distribuidor, etc. Editorial Océano de México
-- DGE Ediciones
Fecha de publicación, distribución, etc. 2001
215 ## - Descripción física
Designación de material específico y extensión del ítem 383 p
Otras características físicas principalmente fot.
Dimensiones 31 cm
320 ## - Nota de índices/bibliografías internas
Texto de la nota Incluye bibliografía: p. 369-381
345 ## - Nota de información de adquisición
Fuente de adquisición/dirección de la suscripción [OBSOLETO] Donación
606 ## - Término temático usado como materia
Elemento de entrada Indios de América Central
Subdivisión temática Antigüedades
Número Koha 869
607 ## - Nombre geográfico utilizado como tema
Elemento de entrada México
Subdivisión temática Antigüedades
Número Koha 1429
660 ## - Código de área geográfica
Código MX
801 #0 - Fuente de origen
País FR
Agencia cm
Reglas de catalogación (convenciones descriptivas) AFNOR
942 ## - ELEMENTOS DE ENTRADA SECUNDARIOS (KOHA)
Tipo de ítem Koha Livre
Exemplaires
Estatus retirado Estado de daño Estado de pérdida Fuente de la clasificación o esquema de estantería Fecha de adquisición Biblioteca de origen Biblioteca actual Código de barras Precio de reemplazo Signatura topográfica completa No para préstamo Tipo de ítem Koha Nota no pública
      Clasificación Decimal Dewey 02/12/2025 Casa México Paris Casa México Paris 005437 02/12/2025 F913.72 D449 No se presta a domicilio Livre 751145101